| 000 | 00626nam a2200205Ia 4500 | ||
|---|---|---|---|
| 008 | 191130s1998##################000#0#eng## | ||
| 020 | _a9780824701611 | ||
| 022 | _a98029981 | ||
| 040 |
_aACL _cACL |
||
| 082 | _a621.38418 DIX | ||
| 100 | _aDixon, Robert C | ||
| 245 |
_aRadio receiver design _cRobert C. Dixon |
||
| 260 |
_aNew York _bMarcel Dekker _c1998 |
||
| 300 | _aviii, 474 p. : ill. ; 23 cm | ||
| 500 | _aIncludes bibliographical references and index | ||
| 650 | _aRadio - Receivers and reception - Design and construction | ||
| 990 | _a5ccb1b64ac10000c3b6bc52086ae9a60 | ||
| 991 | _a175197 | ||
| 999 |
_c49460 _d49460 |
||